Controlling the size of the Japanese public service (Record no. 35975)
[ view plain ]
| 000 -LEADER | |
|---|---|
| fixed length control field | 01438pab a2200169 454500 |
| 008 - FIXED-LENGTH DATA ELEMENTS--GENERAL INFORMATION | |
| fixed length control field | 180718b1997 xxu||||| |||| 00| 0 eng d |
| 100 ## - MAIN ENTRY--PERSONAL NAME | |
| Personal name | Toshiyuki Masujima |
| 245 ## - TITLE STATEMENT | |
| Title | Controlling the size of the Japanese public service |
| 260 ## - PUBLICATION, DISTRIBUTION, ETC. | |
| Date of publication, distribution, etc. | 1997 |
| 300 ## - PHYSICAL DESCRIPTION | |
| Extent | p.247-50 |
| 362 ## - DATES OF PUBLICATION AND/OR SEQUENTIAL DESIGNATION | |
| Dates of publication and/or sequential designation | Jun |
| 520 ## - SUMMARY, ETC. | |
| Summary, etc. | The total number of public employees in Japan is 4,992,009; of this number, 1,161,979 are employed by the national government, 3,282,492 by local governments and 547,538 by government corporations. Strictly speaking, employees of government corporations are not included as part of public-sector employment. As of 1991, there were 40 public employees for every 1000 members of the population, compared to 120 in France, 81 in the United States and 80 in the United Kingdom. At the national level, the public service is composed of non-industrial employees (534,368); industrial employees, e.g. postal services, forest services, printing and mint (322,836); self-defence forces (273,801); and employees of the Diet, Courts etc. (30,974). This report focuses primarily on the first two categories (a total of 857,204 employees) which make up the staff of the ministries and agencies under the Cabinet and are subject to the control of the Management and Coordination Agency (MCA). - Reproduced |
| 650 ## - SUBJECT ADDED ENTRY--TOPICAL TERM | |
| Topical term or geographic name entry element | Civil service - Japan |
| 650 ## - SUBJECT ADDED ENTRY--TOPICAL TERM | |
| Topical term or geographic name entry element | Civil service |
| 773 ## - HOST ITEM ENTRY | |
| Main entry heading | International Review of Administrative Sciences |
| 909 ## - | |
| -- | 35975 |
| Withdrawn status | Lost status | Damaged status | Not for loan | Permanent Location | Current Location | Date acquired | Serial Enumeration / chronology | Barcode | Date last seen | Price effective from | Koha item type |
|---|---|---|---|---|---|---|---|---|---|---|---|
| Indian Institute of Public Administration | Indian Institute of Public Administration | 2018-07-19 | Volume no: 63, Issue no: 2 | AR36240 | 2018-07-19 | 2018-07-19 | Articles |
